Southernmost Countries - Statistics

General Stats
  • This quiz has been taken 25 times
  • The average score is 13 of 15
Answer Stats
% Correct
Australia
100%
Chile
100%
South Africa
100%
Argentina
95%
New Zealand
95%
Lesotho
85%
Namibia
85%
Bolivia
80%
Brazil
80%
Madagascar
80%
Mozambique
80%
Paraguay
80%
Swaziland
80%
Uruguay
80%
Botswana
75%
No matching quizzes found
Score Distribution
Percent of People with Each Score
Percentile by Number Answered
Your Score History
You have not taken this quiz